Bước đầu xây dựng phương án phát hành chứng khoán ra công chúng tại Công ty rượu bia nước giải khát Đà Lạt /

Shranjeno v:
Bibliografske podrobnosti
Glavni avtor: Nguyễn Thị Phương Thảo.
Format: Bài viết
Jezik:Vietnamese
Oznake: Označite
Brez oznak, prvi označite!
Thư viện lưu trữ: Thư viện Trường Đại học Đà Lạt
LEADER 00862nam a2200241 4500
001 DLU120137697
005 ##20120720
040 # # |a DLU  |b vie 
041 # # |a vie 
044 # # |a vn 
100 # # |a Nguyễn Thị Phương Thảo. 
245 # # |a Bước đầu xây dựng phương án phát hành chứng khoán ra công chúng tại Công ty rượu bia nước giải khát Đà Lạt /  |c Nguyễn Thị Phương Thảo. 
773 # # |t Kỷ yếu hội nghị khoa học sinh viên khoa học xã hội - nhân văn Trường Đại học Đà Lạt  |g 2004, tr. 135-144 
920 # # |a Phòng Tạp chí -- Trung tâm Thông tin - Thư viện Trường Đại học Đà Lạt 
994 # # |a DLU 
900 # # |a True 
911 # # |a Phan Thị Mỹ Thảo 
925 # # |a G 
926 # # |a A 
927 # # |a BB 
980 # # |a Thư viện Trường Đại học Đà Lạt